000 01013nam a22001937a 4500
999 _c63230
_d63230
003 Ge_BSU
005 20250702112341.0
008 250702s1975 ge ||||| |||| 00| 0 geo d
041 _ageo
080 _a331.101.386.1(479.22)(09) ჩ-96
100 _aჩხარტიშვილი, სანდრო
_925595
245 _aსტახანოვური მოძრაობიდან შრომისადმი კომუნისტური დამოკიდებულებისათვის მოძრაობამდე /
_cსანდრო ჩხარტიშვილი.
264 _aთბილისი :
_b საბჭ. საქართველო,
_c1975.
300 _a149 გვ. ;
_b16 სმ.
653 _aსტახანოვური მოძრაობა.
653 _aშრომისადმი კომუნისტური დამოკიდებულება.
653 _aშრომა
942 _2udc
_cᲬᲘᲒᲜᲘ